[Event "?"]
[Site "Ciego de Avila"]
[Date "2010.01.12"]
[Round "1"]
[White "Bruzon Batista, Lazaro"]
[Black "Bacallao Alonso, Yusnel"]
[Result "1-0"]
[WhiteElo "2615"]
[BlackElo "2506"]
[PlyCount "95"]
[EventDate "2010.01.12"]
[EventCountry "CUB"]

1. e4 c5 2. Nf3 d6 3. d4 cxd4 4. Nxd4 Nf6 5. Nc3 a6 6. Be2 e5 7. Nb3 Be7 8. O-O
O-O 9. Re1 Be6 10. Bf3 Nbd7 11. a4 Kh8 $146 ({RR} 11... h6 12. Nd2 Rc8 13. Nf1
Rc4 14. Be3 Qc7 15. a5 Rb4 16. Qc1 Rc8 17. Bd2 Rd4 18. Be3 Rb4 19. Bd2 Rd4 20.
Be3 Rc4 21. Ng3 Qd8 22. Qd2 Ng4 23. Bxg4 Bxg4 24. f3 Be6 25. Nf1 R4c6 26. Rec1
{Arzumanian,G (2493)-Onischuk,V (2469)/Kharkov 2007/EXT 2009/0-1 (82)}) ({RR} 
11... Nb6 12. Nd2 Rc8 13. Nf1 d5 14. exd5 Nbxd5 15. Nxd5 Nxd5 16. c3 Qd6 17.
Qe2 f6 18. Rd1 Qc5 19. Be3 Nxe3 20. Nxe3 Rb8 21. Bd5 Bxd5 22. Rxd5 Qc6 23. Qg4
f5 24. Qc4 Qxc4 25. Nxc4 e4 26. Rd7 {Movsesian,S (2747)-Shirov,A (2745)/
Dagomys RUS 2009/The Week in Chess 752/1/2-1/2 (45)}) ({RR} 11... Rc8 12. a5
Qc7 13. Be3 Rfd8 14. Nd2 h6 15. Nf1 Qc6 16. Ng3 Bf8 17. Re2 Ng4 18. Bxg4 Bxg4
19. f3 Be6 20. Rd2 Nf6 {1/2-1/2 Papadopoulos,I (2450)-Ragger,M (2563)/
Kallithea GRE 2009/The Week in Chess 766}) ({RR} 11... Qc7 12. a5 b6 13. axb6
Nxb6 14. Na5 Nc4 15. Nxc4 Qxc4 16. Bd2 Rfd8 17. Ra5 d5 18. b3 Qd4 19. Ra4 Bb4
20. Nb1 Bxd2 21. Rxd4 Bxe1 22. exd5 Ba5 23. Ra4 Bb6 24. Nc3 Ra7 25. Qe2 Nxd5
26. Nxd5 {
Frias Pablaza,V (2440)-Leow Leslie M (2440)/Philadelphia 1986/EXT 1997/1-0 (32)
}) 12. Nd2 Rc8 13. Nf1 Ng8 14. g3 g6 15. Bg2 h5 16. Ne3 h4 17. Ncd5 hxg3 18.
hxg3 Bg5 19. Ra3 Bxd5 20. Qxd5 Nc5 21. Rd1 Nf6 22. Qxd6 Qxd6 23. Rxd6 Rfd8 24.
Rxd8+ Rxd8 25. b4 Bxe3 26. Bxe3 Rd1+ 27. Bf1 Ncxe4 28. Rd3 Rb1 29. b5 axb5 30.
axb5 Ng4 31. Ba7 Rc1 32. f3 Nxg3 33. fxg4 Nxf1 34. Kg2 Kg7 35. g5 Kf8 36. Rd8+
Ke7 37. Rb8 e4 38. Rxb7+ Ke6 39. Rb6+ Kd5 40. Rf6 Nd2 41. b6 Rb1 42. Rxf7 e3
43. Re7 Ne4 44. b7 e2 45. c4+ Kxc4 46. Rxe4+ Kd3 47. Re3+ Kd2 48. Rxe2+ 1-0

[Event "?"]
[Site "Ciego de Avila"]
[Date "2010.01.12"]
[Round "1"]
[White "Jimenez Fraga, Pedro Alejandro"]
[Black "Ortiz Suarez, Isan Reynaldo"]
[Result "1/2-1/2"]
[WhiteElo "2453"]
[BlackElo "2527"]
[PlyCount "153"]
[EventDate "2010.01.12"]
[EventCountry "CUB"]

1. e4 c5 2. Nf3 d6 3. d4 cxd4 4. Nxd4 Nf6 5. Nc3 a6 6. Be2 e6 7. O-O Qc7 8. f4
Be7 9. Bf3 Nc6 10. Be3 O-O 11. a4 Re8 12. Kh1 Bd7 13. Nb3 b6 14. Qe1 ({RR} 14.
Rf2 Rab8 15. g4 Bc8 16. g5 Nd7 17. Bg2 Na5 18. Nd2 Bb7 19. Qh5 Bf8 20. Qh3 Nc4
21. Nxc4 Qxc4 22. f5 exf5 23. exf5 Bxg2+ 24. Rxg2 Re5 25. Rd1 Rbe8 26. Bd4 Re1+
27. Rg1 Rxg1+ 28. Kxg1 Ne5 {
Ivanchuk,V (2719)-Van Wely,L (2643)/Istanbul 2000/EXT 2001/1/2-1/2 (53)}) 14...
Bc8 15. Qf2 Nd7 16. Rad1 $146 ({RR} 16. g4 Bf8 17. g5 Bb7 18. h4 g6 19. Rad1
Rad8 20. h5 Nb4 21. h6 Nc5 22. Bg2 Rd7 23. a5 Bc6 24. axb6 Qxb6 25. e5 Qb7 26.
Nxc5 dxc5 27. Rxd7 Qxd7 28. Ne4 Bxe4 29. Bxe4 c4 30. Bc5 Nd5 {Lane,G (2371)
-Neelotpal,D (2514)/Canberra AUS 2009/The Week in Chess 754/1/2-1/2 (32)})
16... Bb7 17. Rd2 Rab8 18. Rfd1 Na5 19. Nxa5 bxa5 20. Ba7 Rbc8 21. Bd4 Bf8 22.
Bg4 Nc5 23. e5 dxe5 24. Bxe5 Qb6 25. b3 Rcd8 26. Bd4 Qc7 27. Bf3 Bxf3 28. Qxf3
Rd7 29. Be5 Qc8 30. Rxd7 Nxd7 31. Bd4 e5 32. fxe5 Nxe5 33. Qd5 Nc6 34. Bb6 Nb4
35. Qd2 Qf5 36. Nd5 Nxd5 37. Qxd5 Qxc2 38. Rf1 Re6 39. Bxa5 Rf6 40. Re1 Rf5 41.
Qd8 Qxb3 42. Bc7 Rd5 43. Qe8 Rd1 44. Bg3 Rxe1+ 45. Bxe1 Qa3 46. h3 Qe7 47. Qxe7
Bxe7 48. Kg1 Bc5+ 49. Kf1 f5 50. Ke2 Kf7 51. Bc3 g6 52. Kd3 Ke6 53. Kc4 Be3 54.
Kd3 Bb6 55. Kc4 f4 56. Bd2 g5 57. Bc3 h5 58. Kd3 Kf5 59. Bd2 a5 60. Be1 g4 61.
hxg4+ hxg4 62. Ke2 Ke4 63. Bd2 f3+ 64. gxf3+ gxf3+ 65. Kf1 Kd3 66. Be1 Ke4 67.
Bh4 Kd3 68. Be1 Bd8 69. Bf2 Bc7 70. Be1 Bb6 71. Bg3 Kc4 72. Be1 Kd3 73. Bg3 Bc5
74. Bc7 Bb4 75. Bb6 Bc3 76. Bc7 Kc4 77. Bxa5 1/2-1/2

[Event "?"]
[Site "Ciego de Avila"]
[Date "2010.01.12"]
[Round "1"]
[White "Delgado Ramirez, Neuris"]
[Black "Arencibia Rodriguez, Walter"]
[Result "1/2-1/2"]
[WhiteElo "2595"]
[BlackElo "2499"]
[PlyCount "142"]
[EventDate "2010.01.12"]
[EventCountry "CUB"]

1. e4 c5 2. Nf3 e6 3. d4 cxd4 4. Nxd4 a6 5. f4 b5 ({RR} 5... Nc6 6. Nxc6 bxc6
7. Bd3 d5 8. O-O Nf6 9. e5 Nd7 10. c3 a5 11. Kh1 Be7 12. Nd2 g6 13. Nf3 Qb6 14.
b3 Ba6 15. Bxa6 Qxa6 16. Be3 O-O 17. g4 f5 18. gxf5 gxf5 19. c4 Kh8 20. Nd4 {
Dolmatov,S (2515)-Eingorn,V (2545)/Minsk 1987/URS-ch/1/2-1/2 (87)}) ({RR} 5...
Nf6 6. Qf3 Qa5+ 7. Nd2 Nc6 8. Nxc6 dxc6 9. Bd3 Bc5 10. c3 Ba7 11. e5 Nd5 12.
Nc4 Qc5 13. b4 Qe7 14. Nd6+ Kf8 15. Bd2 b5 16. O-O-O a5 17. a3 axb4 18. axb4
Bb6 19. Kb2 g6 20. h4 {White,M (2265)-Machalek,B (2051)/Teplice CZE 2009/The
Week in Chess 763/1-0 (32)}) ({RR} 5... d6 6. Bd3 Nf6 7. Nf3 Nbd7 8. Qe2 e5 9.
Nc3 Be7 10. Bd2 O-O 11. g4 exf4 12. O-O-O Ne5 13. h3 Be6 14. Bxf4 Nfd7 15. Nd5
Bxd5 16. exd5 Nxf3 17. Qxf3 Bg5 18. h4 Bxf4+ 19. Qxf4 Ne5 20. g5 {
Delgado Ramirez,N (2415)-Vazquez,R (2405)/Cuba 1999/EXT 2004/1-0}) 6. Bd3 Bb7
7. Qe2 $146 ({RR} 7. Qf3 Nf6 8. Be3 Be7 9. Nc3 d6 10. g4 Qc7 11. g5 Nfd7 12.
O-O-O Nb6 13. Qh3 b4 14. Nce2 g6 15. Rhf1 N8d7 16. Kb1 O-O-O 17. Bd2 d5 18. e5
Kb8 19. c3 bxc3 20. Bxc3 Na4 21. Bd2 Ndc5 {
Semenova,E (2012)-Karavaeva,N (1938)/Smolensk 2008/CBM 123 Extra/1-0 (78)}) ({
RR} 7. a3 Nf6 8. Qe2 Qb6 9. Nb3 Be7 10. Be3 Qc7 11. N1d2 d5 12. e5 Ne4 13. O-O
Nd7 14. Bxe4 dxe4 15. c4 b4 16. c5 bxa3 17. Rxa3 O-O 18. Rc1 Rfc8 19. Na5 Bd5
20. Bd4 Rab8 21. Nxe4 Bxe4 {
Trkulja,G (2293)-Zivanic,M (2436)/Zenica 2003/CBM 097 ext/1-0}) ({RR} 7. Be3
Nf6 8. Nd2 d5 9. e5 Nfd7 10. O-O Nc6 11. Nxc6 Bxc6 12. Kh1 Nc5 13. Nf3 Qd7 14.
Nd4 Nxd3 15. Qxd3 Bb7 16. f5 Be7 17. fxe6 fxe6 18. Qe2 g6 19. Qg4 Bc8 20. Bh6
Rg8 {1/2-1/2 Gajdosik,A-Lakatos,V (2113)/Slovakia 2001/EXT 2006}) 7... Bc5 8.
Be3 Qb6 9. c3 Nc6 10. Nc2 e5 11. Nd2 Nf6 12. O-O-O O-O 13. f5 b4 14. Nc4 Bxe3+
15. Qxe3 Qxe3+ 16. N2xe3 bxc3 17. bxc3 Na7 18. Nd6 Bc6 19. Bxa6 Nxe4 20. Nxe4
Bxe4 21. Bc4 Nc8 22. Bb3 Nb6 23. Rhe1 Rfc8 24. Nc4 Nxc4 25. Rxe4 Nb6 26. Kc2
Ra5 27. Rd6 Rc6 28. Rxc6 dxc6 29. Rb4 Rb5 30. a4 Rxb4 31. cxb4 Kf8 32. a5 Nc8
33. Kd3 Ke7 34. Kc4 Kd6 35. b5 cxb5+ 36. Kxb5 f6 37. Be6 Kc7 38. Kc5 Nd6 39.
Bd5 Nb7+ 40. Kb4 Nd6 41. g4 h5 42. h3 hxg4 43. hxg4 Nc8 44. Kc5 Nd6 45. a6 Nc8
46. Bf3 Na7 47. Bb7 Nc8 48. Bg2 Kd7 49. Be4 Kc7 50. Kd5 Kd7 51. Bg2 Nb6+ 52.
Kc5 Nc8 53. Bc6+ Kc7 54. Bb5 Ne7 55. Bd3 Nc6 56. Be4 Na7 57. Kd5 Kd7 58. Bd3
Nc8 59. Bb5+ Kc7 60. Ke6 e4 61. Bf1 e3 62. Kf7 Nd6+ 63. Kxg7 Ne4 64. Kf7 Kb6
65. Be2 Ka7 66. Ke7 Kb6 67. Ke6 Ka7 68. g5 fxg5 69. Ke5 Ng3 70. Bd3 Nh5 71. Ke4
Ng3+ 1/2-1/2

[Event "?"]
[Site "Ciego de Avila"]
[Date "2010.01.12"]
[Round "1"]
[White "Vera Gonzalez, Quevedo Reynaldo"]
[Black "Nogueiras Santiago, Jesus"]
[Result "1/2-1/2"]
[WhiteElo "2499"]
[BlackElo "2570"]
[PlyCount "48"]
[EventDate "2010.01.12"]
[EventCountry "CUB"]

1. Nf3 Nf6 2. d4 d5 3. c4 c6 4. e3 g6 5. Nc3 Bg7 6. Be2 O-O 7. O-O e6 8. b3
Nbd7 ({RR} 8... b6 9. Bb2 Bb7 10. Qc2 Nbd7 11. Rfd1 Qc7 12. cxd5 exd5 13. b4
Rac8 14. a4 c5 15. Nb5 Qb8 16. dxc5 bxc5 17. bxc5 a6 18. Bxf6 Bxf6 19. Nbd4
Nxc5 20. Rab1 Ne4 21. Qb2 Nc3 22. Qb6 Bxd4 23. Nxd4 {
Larsen,B (2580)-Petursson,M (2530)/Holstebro 1989/EXT 1997/0-1 (60)}) ({RR} 
8... a6 9. Bb2 b5 10. c5 Nfd7 11. b4 e5 12. dxe5 Nxe5 13. Nxe5 Bxe5 14. g3 a5
15. a3 axb4 16. axb4 Rxa1 17. Qxa1 Na6 18. Na2 Bxb2 19. Qxb2 f5 20. Bf3 Qf6 21.
Qxf6 Rxf6 22. Rb1 Nc7 {1/2-1/2 Goris Schouwstra,A (1952)-Gregg,A (2140)/
Guernsey GCI 2009/The Week in Chess 784}) 9. Bb2 b6 10. Rc1 Bb7 11. Qc2 $146 ({
RR} 11. cxd5 exd5 12. Re1 ({RR} 12. Na4 Qe7 13. Rc2 Ne4 14. Qc1 Qe6 15. Rd1 f5
16. Bf1 Rac8 17. b4 g5 18. Nc3 g4 19. Ne1 Ndf6 20. Nd3 Nh5 21. g3 Ng5 22. Bg2
Ne4 23. Ne2 Ba6 24. Nef4 Nxf4 25. Nxf4 Qd7 26. Ne2 Bc4 {
Hartmann,A-Rossinskaja,L (1835)/Malente 2004/EXT 2006/0-1 (40)}) ({RR} 12. Ba3
Re8 13. Bd6 Ne4 14. Nxe4 Rxe4 15. Bd3 Re6 16. Bf4 a5 17. h3 Re8 18. Nh2 Nf8 19.
Ng4 Ne6 20. Bg3 Rc8 21. Ne5 f6 22. Nf3 c5 23. h4 f5 24. h5 Qe7 25. hxg6 hxg6
26. Ne5 Bxe5 {
Rudnik,H (2011)-Malich,B (2368)/Dresden 2003/EXT 2005/1/2-1/2 (53)}) 12... Re8
13. Bd3 a6 14. Qc2 Rc8 15. Qe2 Ra8 16. Qc2 {1/2-1/2 Vera Gonzalez,R (2444)
-Nogueiras Santiago,J (2482)/Santa Clara 2004/CBM 100 ext}) 11... Qe7 12. Rfd1
Rfd8 13. Qb1 c5 14. cxd5 Nxd5 15. Nxd5 Bxd5 16. dxc5 Nxc5 17. Ne1 Bb7 18. Qa1
Bxb2 19. Qxb2 Rd6 20. Rd4 Rad8 21. Rcd1 Rxd4 22. Rxd4 Rxd4 23. Qxd4 Qd7 24.
Qxd7 Nxd7 1/2-1/2

[Event "?"]
[Site "Ciego de Avila"]
[Date "2010.01.12"]
[Round "1"]
[White "Hernandez Carmenates, Holden"]
[Black "Gomez Garrido, Camilo"]
[Result "0-1"]
[WhiteElo "2567"]
[BlackElo "2497"]
[PlyCount "138"]
[EventDate "2010.01.12"]
[EventCountry "CUB"]

1. e4 {Bangiev} c5 2. Nc3 d6 3. f4 g6 4. d4 cxd4 5. Qxd4 Nf6 6. Bd3 ({RR} 6. e5
Nc6 7. Bb5 Nd7 8. Bxc6 bxc6 9. e6 ({RR} 9. exd6 Nf6) 9... Nf6 10. exf7+ Kxf7
11. Nf3 Qb6 12. Qc4+ ({RR} 12. b3 Qxd4 13. Nxd4 c5) 12... Ke8 ({RR} 12... Kg7
13. Nd4) 13. Bd2 ({RR} 13. Nd4 Bd7 14. Ne6 d5 15. Qe2 Bh6) ({RR} 13. h3 Bg7)
13... Qa6 ({RR} 13... Qxb2 14. Qxc6+ Nd7 15. Rb1) ({RR} 13... Ba6 14. Qb3) ({RR
} 13... Ng4 14. Nd4 ({RR} 14. O-O-O Nf2) 14... Bd7 15. h3 Bg7) 14. Qd4 Rb8 ({RR
} 14... Qb6 15. O-O-O) 15. O-O-O Qb6 16. b3 Qxd4 17. Nxd4 Bd7 18. Rhe1 Kf7 19.
Nf3 h6 20. Be3 Rb7 {
Adams,M (2680)-Anand,V (2765)/Groningen 1997/CBM 063/[Bangiev]/1/2-1/2 (44)})
6... Bg7 7. h3 O-O 8. Nf3 Qa5 $146 ({RR} 8... Nfd7 9. Qf2 Nc5 10. O-O Nxd3 11.
cxd3 f5 12. Be3 Nc6 13. Qc2 Kh8 14. Qb3 Na5 15. Qb4 e5 16. fxe5 f4 17. Bf2 dxe5
18. Bh4 Qb6+ 19. Qxb6 axb6 20. Nd5 Nc6 21. Nxb6 Ra6 22. Nxc8 Rxc8 23. Rfc1 {
Biti,O (2374)-Saric,A (2441)/Sibenik 2007/EXT 2008/1-0 (45)}) ({RR} 8... a6 9.
Qf2 Nc6 10. O-O e6 11. Be3 b5 12. Rad1 Nd7 13. e5 d5 14. Ne2 b4 15. Ned4 Bb7
16. h4 Nxd4 17. Bxd4 a5 18. h5 Ba6 19. Qg3 Bxd3 20. cxd3 Qe7 21. Qh3 Rfc8 22.
Rf2 Rc6 23. g4 {
Jovanovic,Z (2558)-Arsovic,G (2426)/Budva MNE 2009/The Week in Chess 749/1-0})
({RR} 8... Nbd7 9. Qf2 Qb6 10. Qxb6 Nxb6 11. a4 Nbd7 12. Be3 Nc5 13. Kd2 b6 14.
b4 Nxd3 15. cxd3 Bb7 16. Rac1 e5 17. Nb5 exf4 18. Bxf4 d5 19. e5 Nh5 20. Be3 d4
21. Nbxd4 Ng3 22. Rhe1 Rfc8 23. Rxc8+ {Hernandez Carmenates,H (2544)-Babaev,R
(2488)/Santa Cruz de la Palma 2007/CBM 120 ext/1-0 (32)}) 9. Bd2 Nc6 10. Qf2
Nb4 11. O-O Nxd3 12. cxd3 Qd8 13. Kh1 b6 14. Qh4 Ba6 15. f5 Bxd3 16. Rfd1 Ba6
17. Bh6 Qe8 18. Ng5 Bb7 19. Rf1 Nh5 20. Bxg7 Kxg7 21. fxg6 hxg6 22. g4 Nf6 23.
Rf4 Rc8 24. Raf1 Rh8 25. Qf2 Rc7 26. Kh2 Kg8 27. Nf3 Qc8 28. Nd4 Rh7 29. Rxf6
exf6 30. Qxf6 Rd7 31. Ndb5 Qc5 32. Rd1 Qe3 33. Qf1 Qc5 34. Qf4 g5 35. Qg3 Rh6
36. Nxa7 Rf6 37. Rd2 Rf4 38. Nab5 Bxe4 39. Nd4 Bb7 40. Nf5 Rf1 41. Qe3 Qxe3 42.
Nxe3 Rh1+ 43. Kg3 Re7 44. Ncd5 Bxd5 45. Nxd5 Ree1 46. Nf6+ Kg7 47. Rxd6 Re3+
48. Kg2 Rexh3 49. Rxb6 R1h2+ 50. Kg1 Rc2 51. Nh5+ Kf8 52. Rb8+ Ke7 53. Rb7+ Ke6
54. Rb6+ Ke7 55. Rb7+ Kd6 56. Rb6+ Kc7 57. Rf6 Rd3 58. Rxf7+ Kd6 59. Rf6+ Ke7
60. Rf2 Rdd2 61. Rf3 Rd1+ 62. Rf1 Rxf1+ 63. Kxf1 Rxb2 64. Ng3 Rb4 65. Kf2 Rxg4
66. Kf3 Rf4+ 67. Ke3 Ke6 68. Ne4 Kf5 69. Nc3 g4 0-1

[Event "?"]
[Site "Ciego de Avila"]
[Date "2010.01.12"]
[Round "1"]
[White "Almeida Quintana, Omar"]
[Black "Perez Rodriguez, Luis Manuel"]
[Result "1/2-1/2"]
[WhiteElo "2538"]
[BlackElo "2487"]
[PlyCount "49"]
[EventDate "2010.01.12"]
[EventCountry "CUB"]

1. d4 Nf6 2. c4 g6 3. Nc3 Bg7 4. e4 d6 5. Nf3 O-O 6. Be2 e5 7. d5 a5 8. Be3 Na6
9. Nd2 Nd7 10. O-O f5 11. f3 f4 12. Bf2 h5 13. a3 g5 14. b4 Rf6 $146 ({RR} 
14... Rf7 15. Nb3 axb4 16. axb4 Rb8 17. c5 Nxb4 18. cxd6 cxd6 19. Na5 Ra8 20.
Qb3 Nc2 21. Qxc2 Rxa5 22. Rxa5 Qxa5 23. Nb5 Nb6 24. Nxd6 Rf8 25. Qc7 {
1-0 Steinbacher,M (2340)-Vandendriessche,J/Ostend 1992/TD}) 15. c5 dxc5 16. b5
Nab8 17. Nc4 Bf8 18. b6 Nxb6 19. Nxe5 N8d7 20. Nd3 Rg6 21. e5 c4 22. e6 cxd3
23. Bxd3 Rg7 24. exd7 Nxd7 25. d6 1/2-1/2

[Event "?"]
[Site "Ciego de Avila"]
[Date "2010.01.12"]
[Round "1"]
[White "Martinez Duany, Lelys Stanley"]
[Black "Corrales Jimenez, Fidel"]
[Result "0-1"]
[WhiteElo "2506"]
[BlackElo "2602"]
[PlyCount "120"]
[EventDate "2010.01.12"]
[EventCountry "CUB"]

1. e4 c5 2. Nf3 d6 3. d4 cxd4 4. Nxd4 Nf6 5. Nc3 g6 6. Be2 Bg7 7. O-O O-O 8.
Kh1 Nc6 9. Nb3 Be6 10. f4 Qc8 11. Be3 Rd8 12. Bf3 Bg4 13. Bg1 Bxf3 ({RR} 13...
b6 14. a3 Bxf3 15. Qxf3 Qg4 16. Qd3 Rac8 17. Nd5 Nd7 18. h3 Qh5 19. c3 Nc5 20.
Qc2 Re8 21. Rad1 Nxb3 22. Qxb3 Qe2 23. Rfe1 Na5 24. Rxe2 Nxb3 25. g4 Rc4 26.
Kg2 Kf8 27. Kf3 Rec8 28. h4 {
Nijboer,F (2605)-Van der Wiel,J (2525)/Gouda 1997/EXT 1999/1/2-1/2 (69)}) 14.
Qxf3 ({RR} 14. Rxf3 b6 15. Qe2 Qe6 16. a4 Rab8 17. Rd1 Rbc8 18. Re1 Nb4 19. Nd4
Qc4 20. Qd2 Nc6 21. b3 Qb4 22. Nxc6 Rxc6 23. e5 Ne8 24. Re4 Qa3 25. a5 b5 26.
Nxb5 Qb2 27. Re2 Rcc8 28. Nxa7 dxe5 {Contin,D (2321)-Granara Barreto,S (2220)/
Buenos Aires ARG 2009/The Week in Chess 752/1-0 (35)}) 14... Qg4 15. Qf2 Nh5
$146 ({RR} 15... d5 16. h3 Qh5 17. e5 Ne4 18. Nxe4 dxe4 19. Qe3 g5 20. Qxe4 g4
21. Qe2 f5 22. exf6 Bxf6 23. c3 Kh8 24. Qxg4 Qf7 25. Rad1 Rg8 26. Qf3 Rg7 27.
g4 h6 28. Rd5 Rf8 29. Nc5 {
1-0 Ruiz Gutierrez,J (2235)-Valero Fuertes,C (2084)/Malaga 1985/EXT 2003}) 16.
Rae1 Bxc3 17. bxc3 d5 18. e5 Ng7 19. h3 Qc8 20. g4 b5 21. f5 gxf5 22. gxf5 Kh8
23. f6 exf6 24. Qxf6 Qxh3+ 25. Bh2 Rg8 26. Rf3 Qe6 27. Nc5 Qxf6 28. Rxf6 Nd8
29. Rd1 Nde6 30. Nb7 Nh5 31. Rxf7 Ng5 32. e6 Rg6 33. Rxd5 Nxf7 34. exf7 Ng3+
35. Kg2 Ne4+ 36. Kf3 Ng5+ 37. Rxg5 Rxg5 38. Bf4 Rf5 39. Nd6 Rf6 40. Ke4 Rxf4+
41. Kxf4 Kg7 42. Ke5 Rd8 43. Nxb5 Kxf7 44. c4 h5 45. c5 h4 46. c6 h3 47. Nd6+
Kg6 48. c7 Rf8 49. Ne4 h2 50. Nf2 Kg5 51. Ke6 Kf4 52. Ke7 Rh8 53. Kd7 Kf3 54.
Nh1 Kg2 55. c8=Q Rxc8 56. Kxc8 Kxh1 57. c4 Kg2 58. c5 h1=Q 59. c6 Qa1 60. c7
Qxa2 0-1

[Event "?"]
[Site "Ciego de Avila"]
[Date "2010.01.12"]
[Round "1"]
[White "Gonzalez Vidal, Yuri"]
[Black "Quesada Perez, Yasser"]
[Result "1/2-1/2"]
[WhiteElo "2523"]
[BlackElo "2401"]
[PlyCount "82"]
[EventDate "2010.01.12"]
[EventCountry "CUB"]

1. e4 c5 2. Nf3 d6 3. d4 cxd4 4. Nxd4 Nf6 5. Nc3 a6 6. Be2 e5 7. Nb3 Be7 8. O-O
O-O 9. Re1 Be6 10. Bf1 b5 ({RR} 10... Nbd7 11. a4 Rc8 12. a5 Qc7 13. h3 h6 14.
Be3 Qc6 15. Nd2 d5 16. exd5 Nxd5 17. Nxd5 Bxd5 18. c4 Be6 19. Qa4 Qc7 20. b4 f5
21. c5 Bd5 22. Bc4 Nf6 23. Qb3 Rcd8 24. Rad1 Kh7 25. Bxd5 {Svidler,P (2754)
-Dominguez Perez,L (2719)/Moscow RUS 2009/The Week in Chess 784/1-0 (61)}) 11.
a4 b4 12. Nd5 a5 $146 ({RR} 12... Bxd5 13. exd5 a5 14. Bb5 ({RR} 14. c3 bxc3
15. bxc3 Qc8 16. c4 Nfd7 17. Ba3 Qc7 18. Rb1 Nc5 19. Nxc5 dxc5 20. Qh5 Bd6 21.
Rb3 g6 22. Qh6 Na6 23. f4 f6 24. f5 g5 25. h4 gxh4 26. Re4 Rf7 27. Rxh4 Nb4 28.
Be2 Qe7 {Saric,I (2476)-Hasan,M (2343)/Turin 2006/CBM 113/1-0 (37)}) 14... Ne8
15. Be3 f5 16. f3 Bh4 17. Re2 f4 18. Bf2 Bxf2+ 19. Rxf2 Qb6 20. c4 bxc3 21.
bxc3 Nf6 22. c4 Na6 23. Rb1 Nc5 24. Bc6 Rab8 25. Nd2 Qa7 26. Kf1 e4 27. Re2 {
Gerber,P-Eder,P/Hessen 1992/GER/0-1 (51)}) 13. Bb5 Nxd5 14. exd5 Bd7 15. Bf1
Bg5 16. Nd2 Qc7 17. Nc4 Bxc1 18. Qxc1 Na6 19. f4 f6 20. Qe3 Nc5 21. b3 Rae8 22.
Qf2 Bc8 23. Rad1 Ba6 24. Nb2 Bxf1 25. Qxf1 Nd7 26. Nc4 Nb6 27. Nxb6 Qxb6+ 28.
Kh1 Qc5 29. Rd2 e4 30. Qg1 Qxg1+ 31. Kxg1 f5 32. Kf2 Rc8 33. Ke3 Rc3+ 34. Kd4
Rfc8 35. g4 g6 36. gxf5 gxf5 37. Rg1+ Kf7 38. Rg5 Kf6 39. Rh5 Kg6 40. Rg5+ Kf6
41. Rh5 Kg6 1/2-1/2

[Event "?"]
[Site "Ciego de Avila"]
[Date "2010.01.12"]
[Round "1"]
[White "De la Paz Perdomo, Frank"]
[Black "Quesada Perez, Yuniesky"]
[Result "0-1"]
[WhiteElo "2488"]
[BlackElo "2565"]
[PlyCount "94"]
[EventDate "2010.01.12"]
[EventCountry "CUB"]

1. e4 c5 2. Nf3 e6 3. d4 cxd4 4. Nxd4 Nc6 5. Nc3 Qc7 6. Be3 a6 7. Bd3 Nf6 8.
O-O Nxd4 9. Bxd4 Bc5 10. Bxc5 Qxc5 11. Na4 Qa5 ({RR} 11... Qc7 12. c4 d6 13.
Rc1 Bd7 ({RR} 13... O-O 14. c5 Bd7 15. cxd6 Qxd6 16. Nc5 ({RR} 16. Nc3 Bc6 17.
Qe2 e5 18. Rfd1 Qe7 19. Bc4 Rfd8 20. Nd5 Bxd5 21. exd5 Qd6 22. Rc3 Rac8 23. Re3
e4 24. h3 Rc5 25. Bb3 Rdc8 26. Qd2 R5c7 27. Ree1 Rd8 28. Re2 Re7 29. Qd4 h6 30.
a3 Rc7 {De la Paz Perdomo,F (2461)-Almagro Mazariegos,S (2296)/Mancha Real
2001/CBM 083 ext/1-0 (53)}) 16... Bc6 17. Qe2 Rac8 18. Rc3 Rfd8 19. Rfc1 Nd7
20. Nxd7 Bxd7 21. e5 Rxc3 22. Rxc3 Qb6 23. Bxh7+ Kxh7 24. Qh5+ Kg8 25. Rh3 Kf8
26. Qg5 Kg8 27. Qh5 Kf8 28. Qg5 {Gormally,D (2514)-Grant,A (2192)/Hastings ENG
2009/The Week in Chess 739/1/2-1/2}) 14. Nc3 O-O 15. Qe2 Rac8 16. Rfe1 Qc5 17.
e5 Qxe5 18. Qxe5 dxe5 19. Rxe5 Rfd8 {
1/2-1/2 Bauer,C (2612)-Lautier,J (2658)/Clichy 2001/CBM 085}) 12. c4 d6 13. a3
O-O $146 ({RR} 13... Bd7 14. Nc3 O-O 15. Qe2 Rac8 16. Kh1 e5 17. f4 exf4 18.
Rxf4 Qe5 19. Raf1 Rfe8 20. Qf3 Be6 21. Nd5 Bxd5 22. exd5 Qg5 23. Qh3 h6 24. Qf3
Rc7 25. Rf5 Qe3 26. Rxf6 gxf6 27. Qf5 Qe5 28. Qh7+ {Pozo Vera,S (2462)
-Barrientos Chavarriaga,S (2421)/Havana 2006/CBM 115 ext/1/2-1/2 (33)}) 14. Nc3
e5 15. b4 Qc7 16. Rc1 Be6 17. Qd2 Rad8 18. Rfd1 Qb8 19. h3 Rfe8 20. Qe3 h6 21.
Bf1 Rc8 22. Nd5 Bxd5 23. exd5 Rcd8 24. Qb3 b6 25. Qa4 a5 26. bxa5 bxa5 27. c5
dxc5 28. Rxc5 e4 29. Qb5 Qf4 30. Qc4 Qd6 31. Rc6 Qxa3 32. d6 e3 33. Qc2 Re6 34.
Rd3 exf2+ 35. Qxf2 Qa4 36. Qb6 Ree8 37. Rc7 Qf4 38. d7 Rf8 39. Ra7 Qb4 40. Qd4
Rb8 41. Qf2 Rfd8 42. Rc7 a4 43. Rd1 Qa5 44. Qc2 a3 45. Qc3 Qb6+ 46. Kh2 a2 47.
Ra1 Nd5 0-1